000
00340nam a2200157Ia 4500
003
OSt
005
20251210163810.0
008
221004b |||||||| |||| 00| 0 eng d
037
_c
TB
040
_a
L
_c
AL
_b
eng
041
_2
eng
_a
eng
245
0
_a
Shri Datta Hahatya
260
_c
1994
942
_c
TB
_2
cc
_n
0
999
_c
1059762
_d
1059762